| 000 | 00340nam a22001217a 4500 | ||
|---|---|---|---|
| 020 | _a 9780340931684 | ||
| 082 |
_a823.914 _bBLY |
||
| 100 | _aBlyton, Enid | ||
| 245 |
_aThe Famous Five: _bFive on a hike together / _cEnid Blyton |
||
| 260 |
_aGreat Britain : _bHodder Children Books, _c2010. |
||
| 300 |
_a213 p. ; _c18 cm. |
||
| 942 |
_2ddc _cBK |
||
| 999 |
_c593348 _d593348 |
||